000 00912nam a2200265Ia 4500
003 OSt
005 20221005111405.0
006 a|||||r|||| 00| 0
007 ta
008 221004b |||||||| |||| 00| 0 hin d
020 _a817055733X (hbk)
_c195
024 _a11104
037 _b330, 20/03/2014, Vani Prakashan
_cTextual
040 _aCRL
_cCRL
_bhin
041 _2hin
_ahin
082 _aO152:g, P0
100 _aयादव, राजेन्द्र
245 0 _aवे देवता नहीं हैं
246 _aVe devatā nahīan haian
260 _aनई दिल्ली
_bवाणी प्रकाशन भारत
_c2000
300 _a216पृ0
_ccm.
650 _aहिन्दी साहित्य
942 _hO152:g, P0
_cTEXL
_2cc
999 _c1021697
_d1021697